[Event "Groningen Atlantis-B"]
[Site "Groningen"]
[Date "2010.08.21"]
[Round "6"]
[White "Mostertman, Conrad"]
[Black "Sparenberg, Erik"]
[Result "0-1"]
[WhiteElo "2038"]
[BlackElo "2090"]
[PlyCount "60"]
[EventDate "2010.08.16"]
[EventType "tourn"]
[EventRounds "9"]
[EventCountry "NED"]
[SourceTitle "CBM 138 Extra"]
[Source "ChessBase"]
[SourceDate "2010.10.29"]
[SourceVersion "1"]
[SourceVersionDate "2010.10.29"]
[SourceQuality "1"]

1. e4 c5 2. Nf3 d6 3. d4 cxd4 4. c3 dxc3 5. Nxc3 Nf6 6. e5 dxe5 7. Qxd8+ Kxd8 8. Nxe5 Be6 9. Bf4 Nfd7 10. Nb5 Nxe5 11. Bxe5 Nc6 12. Bf4 Bd7 13. Bc7+ Ke8 14. Bg3 Rc8 15. Rd1 e5 16. Bc4 f6 17. Bf7+ Ke7 18. Nd6 Rb8 19. 0-0 Be6 20. Bxe6 Kxe6 21. Nb5 g5 22. Nc7+ Kf7 23. h4 h6 24. Nd5 Ne7 25. Ne3 Ke6 26. h5 Nc6 27. a3 Be7 28. Rfe1 Rhd8 29. Ng4 Rxd1 30. Rxd1 f5 0-1

[Event "Groningen Atlantis-B"]
[Site "Groningen"]
[Date "2010.08.19"]
[Round "4"]
[White "Geurink, Jasper"]
[Black "Mostertman, Conrad"]
[Result "1-0"]
[WhiteElo "2307"]
[BlackElo "2038"]
[PlyCount "59"]
[EventDate "2010.08.16"]
[EventType "tourn"]
[EventRounds "9"]
[EventCountry "NED"]
[SourceTitle "CBM 138 Extra"]
[Source "ChessBase"]
[SourceDate "2010.10.29"]
[SourceVersion "1"]
[SourceVersionDate "2010.10.29"]
[SourceQuality "1"]

1. e4 e5 2. Nf3 Nc6 3. Nc3 Nf6 4. g3 Bc5 5. Bg2 0-0 6. d3 Re8 7. 0-0 Nd4 8. Nh4 c6 9. Na4 Bf8 10. c3 Ne6 11. d4 d6 12. b3 g6 13. Nb2 Bg7 14. dxe5 dxe5 15. Nc4 Qxd1 16. Rxd1 Nc5 17. Nd6 Rd8 18. Be3 b6 19. Bxc5 bxc5 20. Nc4 Ba6 21. Na5 Be2 22. Rxd8+ Rxd8 23. Nxc6 Rd3 24. c4 Nh5 25. Nxa7 Bh6 26. Nc6 f6 27. Bf1 Rd2 28. Bxe2 Rxe2 29. a4 Bd2 30. Kf1 1-0

[Event "Groningen Atlantis-B"]
[Site "Groningen"]
[Date "2010.08.17"]
[Round "2"]
[White "Slagter, Ruben"]
[Black "Mostertman, Conrad"]
[Result "1/2-1/2"]
[WhiteElo "2069"]
[BlackElo "2038"]
[PlyCount "69"]
[EventDate "2010.08.16"]
[EventType "tourn"]
[EventRounds "9"]
[EventCountry "NED"]
[SourceTitle "CBM 138 Extra"]
[Source "ChessBase"]
[SourceDate "2010.10.29"]
[SourceVersion "1"]
[SourceVersionDate "2010.10.29"]
[SourceQuality "1"]

1. e4 e5 2. Nf3 Nc6 3. d4 exd4 4. Nxd4 Bc5 5. Be3 Qf6 6. c3 Nge7 7. g3 d5 8. Bg2 dxe4 9. Nd2 Bxd4 10. cxd4 Nf5 11. Nxe4 Qe7 12. 0-0 Nxe3 13. fxe3 f5 14. Nc5 Qxe3+ 15. Kh1 0-0 16. Re1 Qxd4 17. Qb3+ Kh8 18. Nxb7 Qf6 19. Nc5 Rb8 20. Qa4 Nd8 21. Re8 Ne6 22. Rxf8+ Qxf8 23. Qxa7 Rxb2 24. Nxe6 Bxe6 25. Qxc7 h6 26. a3 Qf6 27. Rd1 Rd2 28. Qc1 Ra2 29. Qc6 Rxa3 30. Bd5 Ra1 31. Rxa1 Qxa1+ 32. Kg2 Qb2+ 33. Kh3 Bxd5 34. Qxd5 Qf2 35. Qd3 1/2-1/2

[Event "Groningen op-B"]
[Site "Groningen"]
[Date "2008.12.30"]
[Round "9"]
[White "Mostertman, Conrad"]
[Black "Tromp, Pieter"]
[Result "1/2-1/2"]
[WhiteElo "1900"]
[BlackElo "1929"]
[PlyCount "28"]
[EventDate "2008.12.21"]
[EventType "swiss"]
[EventRounds "9"]
[EventCountry "NED"]
[SourceTitle "CBM 127 Extra"]
[Source "ChessBase"]
[SourceDate "2009.01.08"]
[SourceVersion "2"]
[SourceVersionDate "2009.01.28"]
[SourceQuality "1"]

1. e4 d5 2. exd5 Nf6 3. Bb5+ Bd7 4. Bc4 Bg4 5. f3 Bf5 6. Nc3 Nbd7 7. d4 Nb6 8. Qe2 a6 9. Bf4 Nfxd5 10. Nxd5 Nxd5 11. Qe5 e6 12. Bxd5 Qxd5 13. Qxd5 exd5 14. 0-0-0 0-0-0 1/2-1/2